Statistics for ultimate common knowledge

Click here to take the quiz!

General Stats

  • This quiz has been taken 8 times
  • The average score is 9 of 16

Answer Stats

HintAnswer% Correct
how many states are there in the us50
100%
World Cup 2022 winnerArgentina
100%
Largest CountryRussia
100%
what is a food ate on thanksgivingTurky
100%
what is the capital of the usWashington D.C
100%
how many continents are in the world7
88%
Smallest CountryVatican City
75%
How many countries are there in the world195
50%
the smallest continentAustralia
50%
prime isa drink
38%
who hit 62 homers in the al for mlbAaron Judge
25%
who won the 2022 world seriesastros
25%
what is the biggest continentaisa
13%
who is in the 2022 college championshipbulldogs and tcu
13%
who won the bass master classics in 2022Jason Christie
13%
what is the number 1 fishing brandPenn Fishing
13%

Score Distribution

Percentile by Number Answered

Percent of People with Each Score

Your Score History

You have not taken this quiz